Ďalej zvyšovať kvalitu našej činnosti (skončil sa II. zjazd STO)

Bibliographic Details
Main Author: Eidlpes, Karol (Author)
Format: Article
Language:Slovak
Subjects:

MARC

LEADER 00000nab a2200000 a 4500
001 vtls009465768
003 SK-MaSNL
005 20260303053017.0
008 090127 19731022xo |00 0 slo
015 |a SNBRB1973 
040 |a SNKBUCL  |b slo  |c SNKBUCL  |e AACR2 
041 0 |a slo 
044 |a xo  |c SK 
080 |a 796.061.2  |x (437.6)  |2 2001 
100 1 |a Eidlpes, Karol  |4 aut  |9 943946 
245 1 0 |a Ďalej zvyšovať kvalitu našej činnosti  |b (skončil sa II. zjazd STO)  |c Karol Eidlpes 
610 2 7 |a Slovenská telovýchovná organizácia.  |b Zjazd  |2 snkbucl  |9 1033758 
773 0 |t Šport  |g (22.10.1973), s. 1-4 
999 |c 1717469  |d 1719399